Normal view
MARC view
Entry Personal Name
001 - CONTROL NUMBER
- control field: 641915
003 - CONTROL NUMBER IDENTIFIER
- control field: OSt
005 - DATE AND TIME OF LATEST TRANSACTION
- control field: 20221005133008.0
008 - FIXED-LENGTH DATA ELEMENTS
- fixed length control field: 221005|| aca||aabn | a|a d
040 ## - CATALOGING SOURCE
- Original cataloging agency: OSt
- Transcribing agency: OSt
100 ## - HEADING--PERSONAL NAME
- Personal name: Manghandas
670 ## - SOURCE DATA FOUND
- Source citation: Work cat.: (OSt)1065414: Manghandas, Veer Savarkar, 1970
